00322nam a2200121Ia 4500008004100000041000800041082001200049100001800061245004500079260003700124300003000161365000900191240624s9999 xx 000 0 und d aeng a658 CLO aCLOKE KENNETH aEND OF MANAGEMENT AND THE RISE OF ORGANI c2002aSan FranciscobJossey-Bass axv, : 310 : p. : cm. ; 23 cb30